| 000 | 00779cam a2200181 4500 | ||
|---|---|---|---|
| 001 | WB3528-62 | ||
| 008 | 000000n1999 000 0 eng u | ||
| 035 | _a(Sirsi) u102331 | ||
| 245 | _aScottish hunting ban. | ||
| 260 | _c1999 | ||
| 490 |
_aScotsman _v22 July 1999, 1 & 23 July 1999, 9(2) |
||
| 520 | _aFox hunting is likely to be banned in Scotland before England. An MSP has said he will introduce a bill to outlaw hunting with hounds, and a survey has shown that such a bill would win the support of a majority of MSPs. Campaigners hope this will go through next spring, although the government has warned that it could take at least a year. | ||
| 650 | _aSCOTLAND | ||
| 650 | _aFIELD SPORTS | ||
| 650 | _aESTATE MANAGEMENT | ||
| 690 | _aRURAL PRACTICE | ||
| 942 | _n0 | ||
| 999 |
_c61356 _d61356 |
||